000 00784nam a2200229 i 4500
001 146721
003 ES-MaACL
005 20240228172249.0
007 t|
008 070917q19001999sp ||||1| spa d
080 _a929 Shelley, Percy Bysshe
080 _a929 Byron, George Gordon Byron
100 1 _aTrelawny, Edward John.
_9111294
245 1 0 _aShelley y Byron
_b: (sus últimos días) /
_cE.J. Trelawny ; versión directa del inglés por R. Cansinos-Assens.
260 _aMadrid :
_bAmérica,
_c[19--]
300 _aXII, 280 p. ;
_c17 cm.
490 1 _aBiblioteca de autores célebres
700 1 _aCansinos Asséns, Rafael,
_d1882-1964
_934616
830 0 _aBiblioteca de autores célebres
_9184044
852 _aES-MaACL
_jC-28555
_bR.55268
999 _c146721
_d146721